[Event "DVM U20w 2022"]
[Site "Münster GER"]
[Date "2022.12.27"]
[Round "1"]
[White "Eichhorn, Elisabeth"]
[Black "Gietzelt, Magdalena"]
[Result "1/2-1/2"]
[Termination "normal"]
[Board "6.4"]
[WhiteElo "1330"]
[BlackElo "1165"]
[WhiteTeam "Karlsruher SF 1853 1"]
[BlackTeam "Karlsruher SF 1853 2"]
[PlyCount "79"]
[WhiteFideId "16235070"]
[BlackFideId "16298403"]
[EventCountry "GER"]
[EventRounds "7"]
[EventType "team-swiss"]
[EventDate "2022.12.26"]

1. b3 e5 2. Bb2 Nc6 3. c4 Nf6 4. Nf3 d6 5. e3 Bg4 6. Be2 Bxf3 7. Bxf3 e4 8. Be2
d5 9. Qc2 d4 10. exd4 Nxd4 11. Qd1 Bc5 12. O-O O-O 13. Nc3 Re8 14. Kh1 Qd6 15.
f3 e3 16. dxe3 Rxe3 17. Bd3 Rae8 18. Ne4 Nxe4 19. Bxe4 Nc6 20. Qc2 Qh6 21. Bc1
Bd6 22. g4 g6 23. Bxe3 Qxe3 24. Rae1 Qf4 25. Qg2 Nd4 26. Bxb7 c6 27. Rxe8 Kg7
28. Re4 Qf6 29. Rd1 Be5 30. f4 Bxf4 31. Rexd4 c5 32. Rd7 Be5 33. Bd5 Kg8 34.
Bxf7 Kf8 35. Qa8 Kg7 36. Qg8 Kh6 37. Rg1 Qf3 38. Rg2 Qf1 39. Rg1 Qf3 40. Rg2
1/2-1/2

[Event "DVM U20w 2022"]
[Site "Münster GER"]
[Date "2022.12.27"]
[Round "2"]
[White "Peglau, Charis"]
[Black "Mönster, Madita"]
[Result "1/2-1/2"]
[Termination "normal"]
[Board "1.1"]
[WhiteElo "2008"]
[BlackElo "1916"]
[WhiteClock "00:07:17"]
[BlackClock "00:10:00"]
[WhiteTeam "Schachzentrum Seeblick e. V."]
[BlackTeam "SK Nordhorn-Blanke"]
[PlyCount "105"]
[WhiteFideId "16219996"]
[BlackFideId "12947156"]
[EventCountry "GER"]
[EventRounds "7"]
[EventType "team-swiss"]
[EventDate "2022.12.26"]

1. c4 {[%clk 01:30:57]} {[%emt 00:00:03]} Nf6 {[%clk 01:30:51]} 2. Nc3 {[%clk
01:31:20]} e6 {[%clk 01:31:02]} 3. g3 {[%clk 01:31:35]} d5 {[%clk 01:30:17]} 4.
cxd5 {[%clk 01:30:58]} exd5 {[%clk 01:30:39]} 5. Bg2 {[%clk 01:28:54]} c6
{[%clk 01:29:53]} 6. d4 {[%clk 01:28:13]} Bd6 {[%clk 01:29:11]} 7. Nf3 {[%clk
01:27:15]} O-O {[%clk 01:28:53]} 8. O-O {[%clk 01:27:32]} Bf5 {[%clk 01:25:50]}
9. Nh4 {[%clk 01:24:00]} Bg4 {[%clk 01:23:33]} 10. Qc2 {[%clk 01:19:18]} Re8
{[%clk 01:16:10]} 11. Nf5 {[%clk 01:12:41]} Bxf5 {[%clk 01:14:47]} 12. Qxf5
{[%clk 01:13:03]} Nbd7 {[%clk 01:11:13]} 13. Bf4 {[%clk 01:08:08]} Bxf4 14.
Qxf4 {[%clk 01:05:51]} b5 {[%clk 01:05:15]} 15. e3 {[%clk 01:03:19]} {[%emt
00:00:06]} a5 {[%clk 00:57:28]} {[%emt 00:08:16]} 16. Rac1 {[%clk 00:59:38]}
{[%emt 00:04:10]} Nb6 {[%clk 00:52:50]} {[%emt 00:05:08]} 17. Rc2 {[%clk
00:56:37]} {[%emt 00:03:31]} a4 {[%clk 00:46:17]} {[%emt 00:07:04]} 18. Nb1
{[%clk 00:52:02]} {[%emt 00:05:05]} Nc4 {[%clk 00:44:22]} {[%emt 00:02:25]} 19.
Nd2 {[%clk 00:51:17]} {[%emt 00:01:15]} Qb6 {[%clk 00:43:30]} {[%emt 00:01:22]}
20. a3 {[%clk 00:45:44]} {[%emt 00:06:03]} Re7 {[%clk 00:35:59]} {[%emt
00:07:59]} 21. h4 {[%clk 00:39:42]} {[%emt 00:06:33]} Ne8 {[%clk 00:32:12]}
{[%emt 00:04:17]} 22. g4 {[%clk 00:36:55]} {[%emt 00:03:17]} Ned6 {[%clk
00:30:14]} {[%emt 00:02:27]} 23. Nxc4 {[%clk 00:29:04]} {[%emt 00:08:22]} Nxc4
{[%clk 00:29:53]} {[%emt 00:00:51]} 24. g5 {[%clk 00:27:19]} {[%emt 00:02:15]}
Qb8 {[%clk 00:26:32]} {[%emt 00:03:51]} 25. Qg4 {[%clk 00:22:11]} {[%emt
00:05:38]} Qc8 {[%clk 00:17:51]} {[%emt 00:09:12]} 26. Qf4 {[%clk 00:21:09]}
{[%emt 00:01:31]} Qe6 {[%clk 00:17:03]} {[%emt 00:01:18]} 27. Re1 {[%clk
00:18:00]} {[%emt 00:03:40]} Qd7 {[%clk 00:07:21]} {[%emt 00:10:12]} 28. Rce2
{[%clk 00:16:11]} {[%emt 00:02:19]} Rd8 {[%clk 00:05:15]} {[%emt 00:02:36]} 29.
e4 {[%clk 00:12:38]} {[%emt 00:04:04]} dxe4 {[%clk 00:04:31]} {[%emt 00:01:13]}
30. Bxe4 {[%clk 00:13:00]} {[%emt 00:00:09]} Ree8 {[%clk 00:02:19]} {[%emt
00:02:41]} 31. Qf3 {[%clk 00:08:27]} {[%emt 00:05:03]} g6 {[%clk 00:00:48]}
{[%emt 00:02:01]} 32. h5 {[%clk 00:03:23]} {[%emt 00:05:34]} Qxd4 {[%clk
00:00:36]} {[%emt 00:00:42]} 33. hxg6 {[%clk 00:02:01]} {[%emt 00:01:52]} hxg6
{[%clk 00:01:01]} {[%emt 00:00:05]} 34. Bxg6 {[%clk 00:01:43]} {[%emt
00:00:49]} Rf8 {[%clk 00:01:22]} {[%emt 00:00:08]} 35. Be4 {[%clk 00:01:24]}
{[%emt 00:00:49]} Nd2 {[%clk 00:01:05]} {[%emt 00:00:48]} 36. Qf5 {[%clk
00:00:50]} {[%emt 00:01:03]} Nxe4 {[%clk 00:01:16]} {[%emt 00:00:19]} 37. Rxe4
{[%clk 00:01:18]} {[%emt 00:00:02]} Qg7 {[%clk 00:01:00]} {[%emt 00:00:46]} 38.
Rg4 {[%clk 00:00:50]} {[%emt 00:00:58]} Rd5 {[%clk 00:00:57]} {[%emt 00:00:32]}
39. Qe4 {[%clk 00:01:00]} {[%emt 00:00:21]} Rd6 {[%clk 00:00:37]} {[%emt
00:00:50]} 40. Qf4 {[%clk 00:01:04]} {[%emt 00:00:25]} Rfd8 {[%clk 00:00:47]}
{[%emt 00:00:20]} 41. Re8 {[%clk 00:26:02]} {[%emt 00:05:33]} Rxe8 {[%clk
00:30:49]} {[%emt 00:00:28]} 42. Qxd6 {[%clk 00:26:30]} {[%emt 00:00:03]} Qh7
{[%clk 00:28:26]} {[%emt 00:02:52]} 43. Kg2 {[%clk 00:24:09]} {[%emt 00:02:51]}
Qg6 {[%clk 00:25:31]} {[%emt 00:03:25]} 44. Qxg6 {[%clk 00:21:13]} {[%emt
00:03:27]} fxg6 {[%clk 00:25:38]} {[%emt 00:00:22]} 45. Kf3 {[%clk 00:21:33]}
{[%emt 00:00:10]} Re5 {[%clk 00:23:46]} {[%emt 00:02:23]} 46. Rg1 {[%clk
00:18:38]} {[%emt 00:03:24]} Kf7 {[%clk 00:22:42]} {[%emt 00:01:34]} 47. Rc1
{[%clk 00:16:24]} {[%emt 00:02:45]} c5 {[%clk 00:22:46]} {[%emt 00:00:26]} 48.
Kg4 {[%clk 00:16:14]} {[%emt 00:00:40]} Rd5 {[%clk 00:18:07]} {[%emt 00:05:09]}
49. f4 {[%clk 00:16:26]} {[%emt 00:00:18]} Ke6 {[%clk 00:18:04]} {[%emt
00:00:33]} 50. Rc2 {[%clk 00:14:53]} {[%emt 00:02:04]} Kd6 {[%clk 00:17:03]}
{[%emt 00:01:30]} 51. Rh2 {[%clk 00:14:14]} {[%emt 00:01:09]} Ke7 {[%clk
00:10:38]} {[%emt 00:06:55]} 52. Rh7 {[%clk 00:13:42]} {[%emt 00:01:02]} Kf8
{[%clk 00:10:00]} {[%emt 00:01:08]} 53. Rb7 {[%clk 00:07:17]} {[%emt 00:06:56]}
1/2-1/2

[Event "DVM U20w 2022"]
[Site "Münster GER"]
[Date "2022.12.27"]
[Round "2"]
[White "Brunner, Sophia"]
[Black "Peglau, Dora"]
[Result "0-1"]
[Termination "normal"]
[Board "1.2"]
[WhiteElo "1832"]
[BlackElo "1869"]
[WhiteClock "00:00:55"]
[BlackClock "00:17:05"]
[WhiteTeam "SK Nordhorn-Blanke"]
[BlackTeam "Schachzentrum Seeblick e. V."]
[PlyCount "181"]
[WhiteFideId "12960683"]
[BlackFideId "16220005"]
[EventCountry "GER"]
[EventRounds "7"]
[EventType "team-swiss"]
[EventDate "2022.12.26"]

1. d4 {[%clk 01:30:57]} {[%emt 00:00:07]} Nf6 {[%clk 01:30:43]} 2. c4 {[%clk
01:31:14]} g6 {[%clk 01:31:08]} 3. Nc3 {[%clk 01:29:07]} d5 {[%clk 01:31:31]}
4. g3 {[%clk 01:29:11]} Bg7 {[%clk 01:30:43]} 5. Nf3 {[%clk 01:29:13]} c6
{[%clk 01:29:45]} 6. Bg2 {[%clk 01:28:32]} dxc4 {[%clk 01:28:55]} 7. Ne5 {[%clk
01:19:41]} Be6 {[%clk 01:27:25]} 8. O-O {[%clk 01:09:24]} O-O {[%clk 01:27:22]}
9. a4 {[%clk 01:08:14]} Nbd7 {[%clk 01:23:47]} 10. Nf3 {[%clk 01:00:40]} h6
{[%clk 01:14:13]} 11. e4 a6 {[%clk 01:08:29]} {[%emt 00:01:44]} 12. d5 {[%clk
00:41:14]} {[%emt 00:14:08]} cxd5 {[%clk 01:08:19]} {[%emt 00:00:40]} 13. Nd4
{[%clk 00:37:28]} {[%emt 00:04:16]} Nc5 {[%clk 00:59:34]} {[%emt 00:09:15]} 14.
Nxe6 {[%clk 00:36:59]} {[%emt 00:00:59]} Nxe6 {[%clk 00:59:20]} {[%emt
00:00:44]} 15. exd5 {[%clk 00:36:39]} {[%emt 00:00:50]} Nc5 {[%clk 00:59:00]}
{[%emt 00:00:48]} 16. Be3 {[%clk 00:31:40]} {[%emt 00:05:29]} Rc8 {[%clk
00:54:45]} {[%emt 00:04:46]} 17. Qe2 {[%clk 00:25:34]} {[%emt 00:06:37]} Nd3
{[%clk 00:50:17]} {[%emt 00:04:58]} 18. Rab1 {[%clk 00:22:40]} {[%emt
00:03:23]} Qd7 {[%clk 00:44:40]} {[%emt 00:06:06]} 19. b3 {[%clk 00:19:55]}
{[%emt 00:03:15]} b5 {[%clk 00:37:41]} {[%emt 00:07:29]} 20. axb5 {[%clk
00:14:22]} {[%emt 00:06:04]} axb5 {[%clk 00:38:05]} {[%emt 00:00:06]} 21. Rfd1
{[%clk 00:12:10]} {[%emt 00:02:41]} h5 {[%clk 00:30:38]} {[%emt 00:07:58]} 22.
Nxb5 {[%clk 00:09:15]} {[%emt 00:03:25]} Nxf2 {[%clk 00:28:48]} {[%emt
00:02:20]} 23. Bxf2 {[%clk 00:09:07]} {[%emt 00:00:38]} Qxb5 {[%clk 00:28:54]}
{[%emt 00:00:24]} 24. bxc4 {[%clk 00:09:23]} {[%emt 00:00:15]} Qxc4 {[%clk
00:29:08]} {[%emt 00:00:15]} 25. Qxc4 {[%clk 00:09:13]} {[%emt 00:00:40]} Rxc4
{[%clk 00:29:32]} {[%emt 00:00:06]} 26. Rb7 {[%clk 00:08:57]} {[%emt 00:00:46]}
Re8 {[%clk 00:27:39]} {[%emt 00:02:23]} 27. Re1 {[%clk 00:04:08]} {[%emt
00:05:19]} Bf8 {[%clk 00:25:34]} {[%emt 00:02:36]} 28. h3 {[%clk 00:02:04]}
{[%emt 00:02:34]} Rd8 {[%clk 00:25:15]} {[%emt 00:00:48]} 29. Rb5 {[%clk
00:01:35]} {[%emt 00:00:58]} Rc2 {[%clk 00:23:48]} {[%emt 00:01:57]} 30. Bf3
{[%clk 00:01:21]} {[%emt 00:00:44]} Rd2 {[%clk 00:23:27]} {[%emt 00:00:51]} 31.
Re5 {[%clk 00:00:50]} {[%emt 00:01:01]} Kh7 {[%clk 00:20:14]} {[%emt 00:03:43]}
32. Kf1 {[%clk 00:00:41]} {[%emt 00:00:39]} Rc8 {[%clk 00:17:23]} {[%emt
00:03:21]} 33. Re2 {[%clk 00:00:36]} {[%emt 00:00:35]} Rc1 {[%clk 00:12:54]}
{[%emt 00:05:00]} 34. Re1 {[%clk 00:00:46]} {[%emt 00:00:19]} Rc3 {[%clk
00:11:51]} {[%emt 00:01:33]} 35. Kg2 {[%clk 00:00:35]} {[%emt 00:00:40]} Rcc2
{[%clk 00:11:51]} {[%emt 00:00:30]} 36. Rf1 {[%clk 00:01:00]} {[%emt 00:00:06]}
Bh6 {[%clk 00:09:10]} {[%emt 00:03:11]} 37. Bd1 {[%clk 00:00:33]} {[%emt
00:00:56]} Ra2 {[%clk 00:08:17]} {[%emt 00:01:22]} 38. Bb3 {[%clk 00:00:47]}
{[%emt 00:00:17]} Rab2 {[%clk 00:08:25]} {[%emt 00:00:21]} 39. Bc4 {[%clk
00:00:44]} {[%emt 00:00:34]} Rxb5 {[%clk 00:07:55]} {[%emt 00:00:59]} 40. Bxb5
{[%clk 00:01:13]} {[%emt 00:00:02]} Nxd5 {[%clk 00:05:52]} {[%emt 00:02:33]}
41. Kg1 {[%clk 00:00:51]} {[%emt 00:00:51]} Ne3 {[%clk 00:03:44]} {[%emt
00:02:38]} 42. Bxe3 {[%clk 00:23:29]} {[%emt 00:07:52]} Bxe3 {[%clk 00:34:08]}
{[%emt 00:00:06]} 43. Kh1 {[%clk 00:23:57]} {[%emt 00:00:03]} f6 {[%clk
00:31:25]} {[%emt 00:03:12]} 44. Re1 {[%clk 00:23:43]} {[%emt 00:00:43]} Bc5
{[%clk 00:31:45]} {[%emt 00:00:10]} 45. Re2 {[%clk 00:23:44]} {[%emt 00:00:31]}
Rxe2 {[%clk 00:31:19]} {[%emt 00:00:56]} 46. Bxe2 {[%clk 00:24:08]} {[%emt
00:00:05]} Kh6 {[%clk 00:30:44]} {[%emt 00:01:05]} 47. Kg2 {[%clk 00:23:12]}
{[%emt 00:01:27]} f5 {[%clk 00:30:09]} {[%emt 00:01:05]} 48. Kf3 {[%clk
00:13:21]} {[%emt 00:10:20]} Kg5 {[%clk 00:30:12]} {[%emt 00:00:26]} 49. Bb5
{[%clk 00:13:13]} {[%emt 00:00:39]} e5 {[%clk 00:30:10]} {[%emt 00:00:32]} 50.
Be8 {[%clk 00:11:44]} {[%emt 00:02:00]} Kh6 {[%clk 00:26:24]} {[%emt 00:04:16]}
51. Bd7 {[%clk 00:10:09]} {[%emt 00:02:05]} Kg7 {[%clk 00:26:22]} {[%emt
00:00:32]} 52. Be8 {[%clk 00:06:36]} {[%emt 00:04:02]} Kf6 {[%clk 00:25:55]}
{[%emt 00:00:57]} 53. Kg2 {[%clk 00:06:12]} {[%emt 00:00:54]} e4 {[%clk
00:24:53]} {[%emt 00:01:32]} 54. Kf1 {[%clk 00:05:47]} {[%emt 00:00:55]} Be3
{[%clk 00:24:19]} {[%emt 00:01:04]} 55. Ke2 {[%clk 00:05:46]} {[%emt 00:00:32]}
Bg5 {[%clk 00:24:35]} {[%emt 00:00:12]} 56. Kf2 {[%clk 00:05:16]} {[%emt
00:01:01]} Bd2 {[%clk 00:21:55]} {[%emt 00:03:10]} 57. Ke2 {[%clk 00:05:28]}
{[%emt 00:00:18]} Bb4 {[%clk 00:20:53]} {[%emt 00:01:32]} 58. Ke3 {[%clk
00:05:12]} {[%emt 00:00:46]} Bc5 {[%clk 00:19:20]} {[%emt 00:02:03]} 59. Ke2
{[%clk 00:05:33]} {[%emt 00:00:09]} Bd4 {[%clk 00:19:01]} {[%emt 00:00:49]} 60.
Kf1 {[%clk 00:05:32]} {[%emt 00:00:31]} Be3 {[%clk 00:18:52]} {[%emt 00:00:39]}
61. Ke2 {[%clk 00:05:41]} {[%emt 00:00:22]} Bg5 {[%clk 00:17:45]} {[%emt
00:01:37]} 62. Kf2 {[%clk 00:05:55]} {[%emt 00:00:16]} h4 {[%clk 00:17:01]}
{[%emt 00:01:14]} 63. Kg2 {[%clk 00:01:19]} {[%emt 00:05:07]} hxg3 {[%clk
00:15:49]} {[%emt 00:01:42]} 64. Kxg3 {[%clk 00:01:44]} {[%emt 00:00:04]} Bd2
{[%clk 00:16:05]} {[%emt 00:00:14]} 65. Kf2 {[%clk 00:01:36]} {[%emt 00:00:39]}
g5 {[%clk 00:16:08]} {[%emt 00:00:28]} 66. Ke2 {[%clk 00:00:49]} {[%emt
00:01:17]} Bb4 {[%clk 00:16:20]} {[%emt 00:00:17]} 67. Ke3 {[%clk 00:01:02]}
{[%emt 00:00:17]} Bc5 {[%clk 00:16:44]} {[%emt 00:00:07]} 68. Ke2 {[%clk
00:01:26]} {[%emt 00:00:06]} Ke5 {[%clk 00:17:06]} {[%emt 00:00:07]} 69. Bd7
{[%clk 00:01:26]} {[%emt 00:00:31]} Bd4 {[%clk 00:16:41]} {[%emt 00:00:55]} 70.
Bc8 {[%clk 00:01:48]} {[%emt 00:00:07]} Kf4 {[%clk 00:16:35]} {[%emt 00:00:36]}
71. Bd7 {[%clk 00:01:23]} {[%emt 00:00:55]} Bc5 {[%clk 00:15:58]} {[%emt
00:01:06]} 72. Bc8 {[%clk 00:01:47]} {[%emt 00:00:07]} g4 {[%clk 00:15:36]}
{[%emt 00:00:53]} 73. hxg4 {[%clk 00:01:59]} {[%emt 00:00:19]} Kxg4 {[%clk
00:15:50]} {[%emt 00:00:15]} 74. Bd7 {[%clk 00:01:58]} {[%emt 00:00:31]} Kf4
{[%clk 00:15:03]} {[%emt 00:01:18]} 75. Bc8 {[%clk 00:02:20]} {[%emt 00:00:08]}
Ke5 {[%clk 00:15:17]} {[%emt 00:00:13]} 76. Bd7 {[%clk 00:02:41]} {[%emt
00:00:10]} Kf6 {[%clk 00:15:12]} {[%emt 00:00:36]} 77. Bc6 {[%clk 00:01:02]}
{[%emt 00:02:09]} Ke5 {[%clk 00:15:35]} {[%emt 00:00:07]} 78. Bd7 {[%clk
00:01:23]} {[%emt 00:00:10]} f4 {[%clk 00:15:55]} {[%emt 00:00:10]} 79. Bg4
{[%clk 00:00:51]} {[%emt 00:01:02]} Kf6 {[%clk 00:16:24]} 80. Bh5 {[%clk
00:00:52]} {[%emt 00:00:29]} Kg5 {[%clk 00:16:40]} {[%emt 00:00:13]} 81. Be8
{[%clk 00:01:13]} {[%emt 00:00:10]} f3 {[%clk 00:16:57]} {[%emt 00:00:13]} 82.
Kf1 {[%clk 00:01:29]} {[%emt 00:00:14]} Kf4 {[%clk 00:16:19]} {[%emt 00:01:07]}
83. Bc6 {[%clk 00:01:08]} {[%emt 00:00:51]} e3 {[%clk 00:16:00]} {[%emt
00:00:49]} 84. Bb5 {[%clk 00:01:15]} {[%emt 00:00:23]} Ke5 {[%clk 00:16:15]}
{[%emt 00:00:12]} 85. Ba6 {[%clk 00:00:37]} {[%emt 00:01:12]} Kd4 {[%clk
00:16:35]} {[%emt 00:00:10]} 86. Ke1 {[%clk 00:00:35]} {[%emt 00:00:32]} Bb4
{[%clk 00:16:30]} {[%emt 00:00:34]} 87. Kd1 {[%clk 00:00:36]} {[%emt 00:00:29]}
Ke4 {[%clk 00:15:51]} {[%emt 00:01:08]} 88. Bb7 {[%clk 00:00:42]} {[%emt
00:00:25]} Kf4 {[%clk 00:16:20]} 89. Ba6 {[%clk 00:01:00]} {[%emt 00:00:13]}
Kg3 {[%clk 00:16:44]} {[%emt 00:00:05]} 90. Bc4 {[%clk 00:00:55]} {[%emt
00:00:36]} Kf2 {[%clk 00:17:05]} {[%emt 00:00:09]} 91. Kd2 {[%emt 00:00:56]}
0-1

[Event "DVM U20w 2022"]
[Site "Münster GER"]
[Date "2022.12.27"]
[Round "2"]
[White "Peglau, Mirjam"]
[Black "Wilmink, Anna"]
[Result "1-0"]
[Termination "normal"]
[Board "1.3"]
[WhiteElo "1875"]
[BlackElo "1725"]
[WhiteClock "00:19:10"]
[BlackClock "00:25:18"]
[WhiteTeam "Schachzentrum Seeblick e. V."]
[BlackTeam "SK Nordhorn-Blanke"]
[PlyCount "115"]
[WhiteFideId "16211138"]
[BlackFideId "16273680"]
[EventCountry "GER"]
[EventRounds "7"]
[EventType "team-swiss"]
[EventDate "2022.12.26"]

1. d4 {[%clk 01:30:58]} {[%emt 00:00:04]} d5 {[%clk 01:30:37]} 2. Nf3 {[%clk
01:31:21]} Nf6 {[%clk 01:30:58]} 3. g3 {[%clk 01:31:37]} c5 {[%clk 01:30:40]}
4. Bg2 {[%clk 01:31:26]} Nc6 {[%clk 01:29:18]} 5. O-O {[%clk 01:31:27]} Bf5
{[%clk 01:28:01]} 6. c3 {[%clk 01:28:44]} e6 {[%clk 01:24:46]} 7. Nh4 {[%clk
01:20:16]} Bg6 {[%clk 01:19:47]} 8. Nxg6 {[%clk 01:20:39]} hxg6 {[%clk
01:19:28]} 9. e3 {[%clk 01:18:11]} Ne4 {[%clk 01:12:33]} 10. Qg4 {[%clk
01:12:25]} Nf6 {[%clk 01:08:59]} 11. Qe2 {[%clk 01:12:43]} cxd4 {[%clk
01:03:36]} 12. exd4 {[%clk 01:12:30]} Bd6 {[%clk 01:00:02]} 13. Bg5 {[%clk
01:06:50]} Qe7 {[%clk 00:52:14]} {[%emt 00:08:04]} 14. Nd2 {[%clk 01:04:05]}
{[%emt 00:03:15]} Rh5 {[%clk 00:48:03]} {[%emt 00:04:41]} 15. f4 {[%clk
01:00:03]} {[%emt 00:04:32]} Kf8 {[%clk 00:44:21]} {[%emt 00:04:12]} 16. Nf3
{[%clk 00:57:55]} {[%emt 00:02:38]} Qc7 {[%clk 00:41:23]} {[%emt 00:03:28]} 17.
Nd2 {[%clk 00:46:55]} {[%emt 00:11:30]} Rh8 {[%clk 00:37:42]} {[%emt 00:04:11]}
18. Rae1 {[%clk 00:46:21]} {[%emt 00:01:04]} Nh7 {[%clk 00:34:35]} {[%emt
00:03:36]} 19. Bh4 {[%clk 00:45:44]} {[%emt 00:01:06]} Ne7 {[%clk 00:33:39]}
{[%emt 00:01:27]} 20. Bxe7 {[%clk 00:43:21]} {[%emt 00:02:53]} Bxe7 {[%clk
00:29:27]} {[%emt 00:04:42]} 21. Nf3 {[%clk 00:41:55]} {[%emt 00:01:55]} Nf6
{[%clk 00:27:37]} {[%emt 00:02:20]} 22. Ne5 {[%clk 00:38:53]} {[%emt 00:03:32]}
Bd6 {[%clk 00:25:47]} {[%emt 00:02:20]} 23. g4 {[%clk 00:33:43]} {[%emt
00:05:41]} Qc8 {[%clk 00:19:32]} {[%emt 00:06:45]} 24. h3 {[%clk 00:31:30]}
{[%emt 00:02:42]} Ng8 {[%clk 00:14:14]} {[%emt 00:05:48]} 25. Qd3 {[%clk
00:25:26]} {[%emt 00:06:34]} Ne7 {[%clk 00:10:15]} {[%emt 00:04:30]} 26. b3
{[%clk 00:24:57]} {[%emt 00:00:59]} Qd8 {[%clk 00:06:42]} {[%emt 00:04:02]} 27.
Qb5 {[%clk 00:20:35]} {[%emt 00:04:52]} b6 {[%clk 00:05:44]} {[%emt 00:01:29]}
28. c4 {[%clk 00:14:35]} {[%emt 00:06:30]} Kg8 {[%clk 00:04:24]} {[%emt
00:01:50]} 29. cxd5 {[%clk 00:14:31]} {[%emt 00:00:34]} a6 {[%clk 00:04:32]}
{[%emt 00:00:23]} 30. Qe2 {[%clk 00:11:47]} {[%emt 00:03:13]} exd5 {[%clk
00:03:51]} {[%emt 00:01:12]} 31. f5 {[%clk 00:08:31]} {[%emt 00:03:45]} gxf5
{[%clk 00:03:08]} {[%emt 00:01:13]} 32. gxf5 {[%clk 00:09:00]} {[%emt
00:00:01]} Bxe5 {[%clk 00:01:17]} {[%emt 00:02:21]} 33. dxe5 {[%clk 00:07:42]}
{[%emt 00:01:48]} Nc6 {[%clk 00:01:05]} {[%emt 00:00:42]} 34. f6 {[%clk
00:07:27]} {[%emt 00:00:44]} gxf6 {[%clk 00:00:41]} {[%emt 00:00:55]} 35. exf6
{[%clk 00:04:50]} {[%emt 00:03:06]} Kf8 {[%clk 00:00:55]} {[%emt 00:00:16]} 36.
Qe3 {[%clk 00:04:35]} {[%emt 00:00:45]} Qd6 {[%clk 00:00:42]} {[%emt 00:00:43]}
37. Qg5 {[%clk 00:04:28]} {[%emt 00:00:36]} Rh7 {[%clk 00:00:59]} {[%emt
00:00:14]} 38. Qxd5 {[%clk 00:02:47]} {[%emt 00:02:12]} Qxd5 {[%clk 00:00:56]}
{[%emt 00:00:33]} 39. Bxd5 {[%clk 00:03:16]} {[%emt 00:00:01]} Rc8 {[%clk
00:01:15]} {[%emt 00:00:11]} 40. Rc1 {[%clk 00:02:38]} {[%emt 00:01:08]} Na7
{[%clk 00:01:06]} {[%emt 00:00:39]} 41. Rxc8 {[%clk 00:02:34]} {[%emt
00:00:34]} Nxc8 {[%clk 00:01:28]} {[%emt 00:00:08]} 42. Rc1 {[%clk 00:02:29]}
{[%emt 00:00:35]} Nd6 {[%clk 00:01:44]} {[%emt 00:00:14]} 43. Rc6 {[%clk
00:02:31]} {[%emt 00:00:28]} Ne8 {[%clk 00:01:44]} {[%emt 00:00:30]} 44. Kg2
{[%clk 00:28:49]} {[%emt 00:04:11]} Rh5 {[%clk 00:30:56]} {[%emt 00:01:18]} 45.
Bf3 {[%clk 00:27:02]} {[%emt 00:02:18]} Rc5 {[%clk 00:28:35]} {[%emt 00:02:52]}
46. Rxb6 {[%clk 00:27:07]} {[%emt 00:00:25]} Rc2 {[%clk 00:28:43]} {[%emt
00:00:22]} 47. Kg3 {[%clk 00:27:25]} {[%emt 00:00:10]} Rxa2 {[%clk 00:28:58]}
{[%emt 00:00:15]} 48. Rb8 {[%clk 00:26:44]} {[%emt 00:01:11]} Rc2 {[%clk
00:28:53]} {[%emt 00:00:36]} 49. b4 {[%clk 00:25:45]} {[%emt 00:01:29]} Rc4
{[%clk 00:28:01]} {[%emt 00:01:22]} 50. h4 {[%clk 00:23:47]} {[%emt 00:02:27]}
Rc3 {[%clk 00:27:44]} {[%emt 00:00:47]} 51. Kf4 {[%clk 00:23:40]} {[%emt
00:00:37]} Rc4 {[%clk 00:27:22]} {[%emt 00:00:52]} 52. Be4 {[%clk 00:23:27]}
{[%emt 00:00:43]} Rd4 {[%clk 00:27:21]} {[%emt 00:00:31]} 53. Ke5 {[%clk
00:22:27]} {[%emt 00:01:30]} Rc4 {[%clk 00:26:28]} {[%emt 00:01:23]} 54. h5
{[%clk 00:21:56]} {[%emt 00:01:00]} Rc3 {[%clk 00:25:44]} {[%emt 00:01:16]} 55.
h6 {[%clk 00:20:46]} {[%emt 00:01:39]} Rh3 {[%clk 00:25:45]} {[%emt 00:00:29]}
56. Bc6 {[%clk 00:18:59]} {[%emt 00:02:17]} Re3 {[%clk 00:25:21]} {[%emt
00:00:54]} 57. Kf4 {[%clk 00:19:01]} {[%emt 00:00:27]} Re6 {[%clk 00:25:18]}
{[%emt 00:00:34]} 58. Rxe8 {[%clk 00:19:10]} {[%emt 00:00:21]} 1-0